Séries de bande dessinée par image #1 - Statistiques

Statistiques générales
  • Ce quiz a été pris 48 053 fois
    47 999 depuis la dernière actualisation
  • Le résultat moyen est 11 sur 18
Statistiques - réponses
Par images Hint Réponse % Correct
(Goscinny, Uderzo) Astérix et Obélix
100%
(Hergé) Les Aventures de Tintin
98%
(Zep) Titeuf
98%
(Franquin) Marsupilami
94%
(Morris) Lucky Luke
93%
(Roba) Boule et Bill
90%
(Franquin) Gaston
83%
(Rob-Vel) Spirou et Fantasio
82%
(Peyo) Les Schtroumpfs
79%
(Cauvin, Laudec) Cédric
71%
(Geluck) Le Chat
57%
(Cauvin, Salvérius) Les Tuniques bleues
38%
(Edgar P. Jacobs) Blake et Mortimer
31%
(Graton) Michel Vaillant
21%
(Pratt)* Corto Maltese
20%
(van Hamme, Rosiński) Thorgal
17%
(Peyo) Johan et Pirlouit
15%
(Francq, van Hamme) Largo Winch
15%
Aucun quiz correspondant
Distribution des résultats
% des personnes avec chaque résultat
Percentile par nombre de réponses
Votre historique - résultats
Vous n’avez pas pris ce quiz depuis la dernière actualisation